Inhibítory aldózareduktázy v prevencii diabetických komplikácií bakalárska práca

Guardado en:
Detalles Bibliográficos
Autor principal: Baumannová, Patrícia
Formato: Libro
Lenguaje:eslovaco
Publicado: Bratislava STU FCHPT 2015
Acceso en línea:Ver en el OPAC
Etiquetas: Agregar Etiqueta
Sin Etiquetas, Sea el primero en etiquetar este registro!

MARC

LEADER 00000nam a2200000 a 4500
005 20260127134029.0
008 151105 2015 000 0 slo d
035 |a vtls011134735 
039 9 |y 201511051128  |z mschk03 
040 |a STUSCHK1  |b slo  |c STUSCHK1  |e AACR2 
100 1 |a Baumannová, Patrícia 
245 1 |a Inhibítory aldózareduktázy v prevencii diabetických komplikácií  |b bakalárska práca  |c Patrícia Baumannová 
260 |a Bratislava  |b STU FCHPT  |c 2015 
300 |a 61 s.  |b il.  |c 25 cm 
500 |a Študijný program: biotechnológia a potravinárska technológia 
500 |a Študijný odbor: biotechnológia 
500 |a Školiace pracovisko: Odd. biochemickej technológie 
500 |a Evid. číslo: FCHPT-13567-42649 
910 |a SCHK95 
999 |c 2436  |d 2436